1940 1159 1107 1144 1203 1421 1622 1750 1673 1778 1277 1544 1839 1927 1040 1149 1986 1283 1714 1488 1441 1191 1064 1914 1368 1237 1368 1459 1582 1253 1376 1602 1710 1454 1313 1340 1851 1818 1473 1652 1423 1486 1670 1999 1331 1874 1654 1067 1362 1788 1464 1429 1661 1228 1979 1974 1770 1192 1405 1692 1442 1443 1041 1459 1032 1078 1375 1811 1755 1168 1920 1135 1602 1129 1518 1743 1386 1055 1696 1832 1762 1225 1418 1173 1074 1907 1484 1684 1369 1093 1634 1847 1021 1448 1417 1446 1190 1316 1707 BCNSPRNW ULIB Ver.6.0+V

เปลี่ยนเป็นภาษาไทย

Change to English
 แสดงรายละเอียดบรรณานุกรม
  กลับหน้าหลัก

Brief Record : Get Marc (ISO 2709) : E-mail record : QR code < ปิดหน้าต่าง
LEADER : 00000nam 2200000 a 4500
001    13399113555
003     ULIB
008    970708s2549 th 000 1 tha d
020    9789749984609
090    ^aนว^bพ591ช 2549
100 1  ^aHong Mi Ran & Hong Jeong Eun
245 10 ^aชุลมุนนัก คู่รักจำเป็น =^bSassy Girl Chunhyang /^cHong Mi Ran & Hong Jeong Eun แปลโดย พาฟัน
246 31 ^a Sassy Girl Chunhyang
250    ^aพิมพ์ครั้งที่ 2
260    ^aกรุงเทพฯ :^bแจ่มใส,^c2549
300    ^a243 หน้า ;^c18 ซม.
650  4 ^aนวนิยาย
700 0  ^aาฟัน,^eผู้แปล
945    ^p169^l0^i24566
995    ^aเกษร
999 ^a ใช้งานได้ทุกระบบ
รายการนี้ยังไม่มีแท็ก
คุณยังไม่ได้ล็อกอิน คุณสามารถมีกิจกรรมร่วมกับเว็บไซต์ได้ แต่ต้องล็อกอินก่อน ::
  ล็อกอิน

รายการสื่อสารสนเทศ

ลำดับที่ ประเภท เลขเรียก/บาร์โค้ด สถานที่ สถานะ
1. นวนิยาย
นวนิยาย
นว พ591ช 2549  
  Barcode: 24566
ห้องสมุดวิทยาเขตสวรรค์ประชารักษ์
►นวนิยาย
บนชั้น
  ขอยืม

รายการใกล้เคียง
    หัวเรื่อง [นวนิยาย]

BibComment


ยังไม่เคยถูกคอมเมนท์

คอมเมนท์ทรัพยากรรายการนี้
  คอมเมนท์: ชุลมุนนัก คู่รัก..


 Copyright 2026. Bcnsprnw @Library